000 00343cam a22001217a 4500
008 180718b1976 xxu||||| |||| 00| 0 eng d
082 _aB135x54 Sh92
100 _aShukla, N.K.
245 _aThe social structure of an Indian village
_cby N.K. Shukla
260 _aNew Delhi
_bCosmo
_c1976
300 _a185p.
650 _aSociology, Rural - India
999 _c354623
_d354623